| 000 | 00420nam a22001457a 4500 | ||
|---|---|---|---|
| 020 | _a067521310x | ||
| 040 | _cNust | ||
| 082 |
_a621.381 _bFLO |
||
| 100 |
_aFloyd _9124678 |
||
| 245 | _aElectronics fundamentals circuit devices and applications | ||
| 250 | _a2nd Edition | ||
| 260 |
_aNow York: _bMcMillan, _c1991. |
||
| 650 |
_a Electronics fundamentals circuit devices and applications _9125225 |
||
| 942 |
_2ddc _cBK |
||
| 999 |
_c610994 _d610994 |
||